000 00598nam a2200217Ia 4500
003 OSt
005 20250218111415.0
008 210210b1947 xxu||||| |||| 00| 0 eng d
040 _cAL
041 _aHindi
082 _a864/43
100 _aGUPTA
_dगुप्ता
_9200600
245 _aKathakar premchand
_bकथाकार प्रेमचंद
260 _aIllAhAbAd
_bKitab mahal
_c1947
650 _apremchand
_9200601
650 _aKathakAr
_9200602
690 _aHindi Criticism
_9200603
700 _aVARMA
_dवर्मा
_9200604
906 _a023580
942 _2ddc
_cBK
999 _c148565
_d148565